In a Week - Hozier (All Lyrics) - Statistics

General Stats
  • This quiz has been taken 23 times
  • The average score is 249 of 327
Answer Stats
Lyrics % Correct
I
100%
in
100%
We
100%
we
100%
(We
100%
week
100%
A
95%
a
95%
be
95%
find
95%
the
95%
The
95%
us
95%
When
95%
have
89%
you,
89%
you
89%
an
84%
And
84%
and
84%
claim
84%
get
84%
home
84%
know
84%
known
84%
made
84%
their
84%
with
84%
After
79%
foxes
79%
had
79%
has
79%
insects
79%
Like
79%
like
79%
me
79%
never
79%
sleep
79%
So
79%
so
79%
(So
79%
that
79%
to
79%
Your
79%
always
74%
for
74%
here
74%
hours
74%
hours)
74%
lay
74%
long,
74%
long
74%
raven
74%
they'd
74%
They'd
74%
this
74%
years
74%
become
68%
flowers
68%
flowers)
68%
my
68%
or
68%
Our
68%
our
68%
peace
68%
would
68%
cold
63%
gets
63%
hand
63%
hand,
63%
haven't
63%
hunger
63%
inch
63%
morning
63%
moved
63%
not
63%
taste
63%
weather
63%
cattle
58%
grass
58%
hot
58%
I'd
58%
loud
58%
on
58%
reveals
58%
sheep
58%
slow
58%
slumber
58%
Such
58%
these
58%
we'd
58%
We'd
58%
well
58%
were,
58%
worry
58%
among
53%
becoming
53%
buzzards
53%
color
53%
corpses
53%
creeps
53%
feast
53%
going
53%
land
53%
them,
53%
thousand
53%
Two
53%
two
53%
yours
53%
damp
47%
fear
47%
feed
47%
flesh
47%
hungers
47%
If
47%
saw
47%
show
47%
yields
47%
appeased
42%
freeze
42%
heartbeats
42%
still
42%
thaw
42%
calmly
37%
his
37%
teeth
32%
discreet
26%
found,
26%
Thrown
26%
stay
11%
insecs
0%
No matching quizzes found
Score Distribution
Percent of People with Each Score
Percentile by Number Answered
Your Score History
You have not taken this quiz